000
00289nam a22001337a 4500
999
_c
532957
_d
532957
003
NUST
038
_a
M.Ramzan
082
_a
928
_b
HUS
100
_a
Hussain, Intazar.
_9
26598
245
_a
Mullaqatain /
260
_a
Lahore:
_b
Sang-e-meel,
_c
2001.
300
_a
352 p, :
942
_2
ddc
_c
BK